书目信息 |
| 题名: |
戏曲词语汇释
|
|
| 作者: | 陆澹安 编 | |
| 分册: | ||
| 出版信息: | 上海 上海古籍出版社 1981 |
|
| 页数: | 683页 | |
| 开本: | 21cm | |
| 丛书名: | ||
| 单 册: | ||
| 中图分类: | H134 | |
| 科图分类: | ||
| 主题词: | 汉语--词汇--近代 | |
| 电子资源: | ||
| ISBN: | ||
| 000 | 00609nam0 2200229 45 | |
| 001 | 0181008941 | |
| 005 | 20050428143436.3 | |
| 010 | @b精装@dCNY3.45 | |
| 091 | @aCN@b17186.21 | |
| 100 | @a19950626d1981 em y0chiy0121 ea | |
| 101 | 0 | @achi |
| 102 | @aCN@b310000 | |
| 105 | @ay z 000yy | |
| 200 | 10 | @a戏曲词语汇释@Axi qu ci yu hui shi@f陆澹安编@FLu Dan An Bian |
| 210 | @a上海@c上海古籍出版社@d1981 | |
| 215 | @a683页@d21cm | |
| 606 | @a汉语@x词汇@y近代 | |
| 690 | @aH134@v3 | |
| 701 | 0 | @a陆澹安@4编 |
| 801 | 0 | @aCN@b上海图书馆@c20041220 |
| 801 | 2 | @aCN@bNLC@c20041220 |
| 905 | @dH134@e73@b122494@f1 | |
| 戏曲词语汇释/陆澹安编.-上海:上海古籍出版社,1981 |
| 683页;21cm |
| ISBN (精装):CNY3.45 |
| ● |
| 相关链接 |
|
|
|
|
正题名:戏曲词语汇释
索取号:H134/73
 
预约/预借
| 序号 | 登录号 | 条形码 | 馆藏地/架位号 | 状态 | 备注 |
| 1 | 0122494 | 000801868 | 工具书阅览室/ [索取号:H134/73] | 在馆 | |
| 2 | 0122495 | 000801859 | 第四借阅区/ [索取号:H134/73] | 在馆 | |
| 3 | 0122496 | 202074085 | 第二样本阅览室/ [索取号:H134/73] | 在馆 |